Digital Communications (Record no. 70897)
[ view plain ]
| 000 -LEADER | |
|---|---|
| fixed length control field | 00734nam a22002297a 4500 |
| 003 - CONTROL NUMBER IDENTIFIER | |
| control field | NUST-PNEC |
| 005 - DATE AND TIME OF LATEST TRANSACTION | |
| control field | 20170116181150.0 |
| 008 - FIXED-LENGTH DATA ELEMENTS--GENERAL INFORMATION | |
| fixed length control field | 140508b xxu||||| |||| 00| 0 eng d |
| 020 ## - INTERNATIONAL STANDARD BOOK NUMBER | |
| International Standard Book Number | 9789339204792 |
| 020 ## - INTERNATIONAL STANDARD BOOK NUMBER | |
| International Standard Book Number | 9339204794 |
| 020 ## - INTERNATIONAL STANDARD BOOK NUMBER | |
| International Standard Book Number | 9780072957167 |
| 040 ## - CATALOGING SOURCE | |
| Transcribing agency | LIBRARY |
| 082 ## - DEWEY DECIMAL CLASSIFICATION NUMBER | |
| Classification number | 621.382 PRO |
| 100 ## - MAIN ENTRY--PERSONAL NAME | |
| 9 (RLIN) | 4 |
| Personal name | Proakis John G |
| 245 ## - TITLE STATEMENT | |
| Title | Digital Communications |
| Statement of responsibility, etc. | John G. Proakis |
| 250 ## - EDITION STATEMENT | |
| Edition statement | 5th ed. |
| 260 ## - PUBLICATION, DISTRIBUTION, ETC. | |
| Date of publication, distribution, etc. | c.2008 |
| Place of publication, distribution, etc. | New Delhi |
| Name of publisher, distributor, etc. | McGraw Hill (india) |
| 300 ## - PHYSICAL DESCRIPTION | |
| Extent | 1150 pages |
| 650 ## - SUBJECT ADDED ENTRY--TOPICAL TERM | |
| General subdivision | MIS, MS COMM |
| 9 (RLIN) | 16329 |
| Topical term or geographic name entry element | Digital communications |
| 856 ## - ELECTRONIC LOCATION AND ACCESS | |
| Uniform Resource Identifier | <a href="http://www.amazon.com/Proakis-Salehi-5e-Digital-Communication/dp/9339204794/ref=sr_1_1?ie=UTF8&qid=1455002170&sr=8-1&keywords=9789339204792">http://www.amazon.com/Proakis-Salehi-5e-Digital-Communication/dp/9339204794/ref=sr_1_1?ie=UTF8&qid=1455002170&sr=8-1&keywords=9789339204792</a> |
| 942 ## - ADDED ENTRY ELEMENTS (KOHA) | |
| Source of classification or shelving scheme | |
| Koha item type | Book |
| Withdrawn status | Lost status | Source of classification or shelving scheme | Damaged status | Not for loan | Permanent Location | Current Location | Shelving location | Date acquired | Total Checkouts | Full call number | Barcode | Date last seen | Price effective from | Koha item type | Materials specified (bound volume or other part) | Source of acquisition | Cost, normal purchase price | Cost, replacement price |
|---|---|---|---|---|---|---|---|---|---|---|---|---|---|---|---|---|---|---|
| Pakistan Navy Engineering College (PNEC) | Pakistan Navy Engineering College (PNEC) | 621.382 PRO | PNECLIB-032138 | 11/09/2015 | Book | |||||||||||||
| Pakistan Navy Engineering College (PNEC) | Pakistan Navy Engineering College (PNEC) | 12/07/2015 | 621.382 PRO | PNECLIB-032482 | 02/09/2016 | 12/07/2015 | Book | paperback | ZS Book Agency / Lib Grant | 1483.25 | 1483.25 | |||||||
| Pakistan Navy Engineering College (PNEC) | Pakistan Navy Engineering College (PNEC) | 12/07/2015 | 621.382 PRO | PNECLIB-032481 | 02/09/2016 | 12/07/2015 | Book | paperback | ZS Book Agency / Lib Grant | 1483.25 | 1483.25 | |||||||
| Pakistan Navy Engineering College (PNEC) | Pakistan Navy Engineering College (PNEC) | 12/07/2015 | 621.382 PRO | PNECLIB-032480 | 02/09/2016 | 12/07/2015 | Book | paperback | ZS Book Agency / Lib Grant | 1483.25 | 1483.25 |
